| 000 | 00464nam a2200181Ia 4500 | ||
|---|---|---|---|
| 005 | 20250317125552.0 | ||
| 008 | 008 250317s9999 xx 000 0 eng d | ||
| 037 | _aTextbook | ||
| 040 |
_aFMSL _beng _cFMSL |
||
| 041 |
_aeng _2eng |
||
| 084 | _qFMSL | ||
| 100 |
_aAwasthy G C _949933 |
||
| 245 | 0 | _aBroadcapting in India | |
| 260 |
_aBombay _bBombay, Allied Pub. _c1965 |
||
| 300 | _a280p | ||
| 942 | _cTB | ||
| 999 |
_c1260022 _d1260022 |
||